<?xml version="1.0" encoding="UTF-8"?>
<collection xmlns="http://www.loc.gov/MARC21/slim">
 <record>
  <leader>     na                 </leader>
  <controlfield tag="001">INLIS000000001504757</controlfield>
  <controlfield tag="005">20260429034351</controlfield>
  <datafield tag="035" ind1=" " ind2=" ">
   <subfield code="a">0010-0426000079</subfield>
  </datafield>
  <controlfield tag="007">ta</controlfield>
  <controlfield tag="008">260429                |          | |  </controlfield>
  <datafield tag="082" ind1=" " ind2=" ">
   <subfield code="a">L.310-25186</subfield>
  </datafield>
  <datafield tag="084" ind1=" " ind2=" ">
   <subfield code="a">L.310-25186 RIS s</subfield>
  </datafield>
  <datafield tag="100" ind1="0" ind2=" ">
   <subfield code="a">RISKA ISTIGHFARA</subfield>
   <subfield code="e">Pengarang</subfield>
  </datafield>
  <datafield tag="245" ind1="1" ind2=" ">
   <subfield code="a">SINBIOTIK GRAIN KEFIR DAN SUSU FORMULA AFKIR PADA AYAM BROILER FASE FINISHER TERHADAP PERFORMA, KUALITAS KARKAS (NILAI pH, KADAR AIR, ANTIOKSIDAN) SERTA NILAI EKONOM /</subfield>
   <subfield code="c">Polbangtan Malang</subfield>
  </datafield>
  <datafield tag="300" ind1=" " ind2=" ">
   <subfield code="a">168 hlm</subfield>
  </datafield>
  <datafield tag="650" ind1=" " ind2="4">
   <subfield code="a">Ayam Broiler, Kadar Air, Kadar Antioksidan, Nilai Ekonomi, Nilai pH Performa, Sinbiotik</subfield>
  </datafield>
  <datafield tag="520" ind1=" " ind2=" ">
   <subfield code="a">Peningkatan produksi broiler terus berlangsung seiring dengan&#13;
bertambahnya permintaan masyarakat terhadap daging ayam. Namun, di balik&#13;
perkembangan tersebut, masih terdapat berbagai permasalahan di tingkat&#13;
peternakan yang kerap menjadi hambatan bagi peternak dalam menghasilkan&#13;
ayam broiler dengan kualitas yang optimal. Sinbiotik yang berasal dari Grain Kefir&#13;
dan susu formula afkir memungkinkan untuk meningkatkan performa ayam&#13;
broiler, menurunkan nilai pH, kadar air karkas sesuai standar, meningkatkan&#13;
kadar antioksidan dan menambah nilai ekonomi. Metode penelitian&#13;
menggunakan Rancangan Acak Kelompok (RAK) yang terdiri dar 4 perlakuan&#13;
dan 5 ulangan yaitu P0 (Kontrol), P1 (3% ), P2 (5% ) dan P3 (7%) Pemberian&#13;
sinbiotik pada air minum ayam diberikan setiap sore hingga pagi hari, dengan&#13;
menggunakan uji statistik One Way ANOVA dan uji lanjutan Duncan.&#13;
Berdasarkan hasil penelitian yang telah dilakukan pada P0, P1, P2, dan P3,&#13;
diperoleh hasil bahwa dosis sinbiotik terbaik adalah pada P3 dengan rata rata&#13;
Feed Intake 224 gram/ekor/hari, Pertambahan bobot badan 175,2 gram, Feed&#13;
Convertion Ratio 1,4. Pemberian sinbiotik di taraf 7% juga dapat menurunkan&#13;
nilai pH hingga di angkat 5,4, kadar air sebesar 61,88% di angkat masih dalam&#13;
standar dan mampu meningkatkan kandungan kadar antioksidan hingga di taraf&#13;
sedang. Nilai ekonomi yang dihitung berdasarkan efektivitas, ayam dengan&#13;
sinbiotik memperoleh nilai sangat efektif yaitu 144%, sedangkan untuk efisiensi,&#13;
ayam hidup tanpa sinbiotik sebesar 1,39, dan P1 pada karkas mendapat nilai&#13;
paling efisien yaitu 1,90. Usaha karkas sehat mampu memberi prospek usaha&#13;
yang baik karena memperoleh R/C ratio senilai 1,85 dikatakan layak dan&#13;
menguntungkan, B/C ratio 0,85 dan Payback Period selama 1 Tahun,4 Bulan</subfield>
  </datafield>
  <datafield tag="336" ind1=" " ind2=" ">
   <subfield code="2">rdacontent</subfield>
   <subfield code="a">Text</subfield>
  </datafield>
  <datafield tag="337" ind1=" " ind2=" ">
   <subfield code="2">rdamedia</subfield>
   <subfield code="a">Buku Tercetak</subfield>
  </datafield>
  <datafield tag="338" ind1=" " ind2=" ">
   <subfield code="2">rdacarrier</subfield>
   <subfield code="a">Hardcopy</subfield>
  </datafield>
  <datafield tag="856" ind1=" " ind2=" ">
   <subfield code="a">https://repository.polbangtanmalang.ac.id/xmlui/handle/123456789/2144</subfield>
  </datafield>
  <datafield tag="264" ind1=" " ind2=" ">
   <subfield code="a">Malang :</subfield>
   <subfield code="b">Polbangtan Malang,</subfield>
   <subfield code="c">2025</subfield>
  </datafield>
  <datafield tag="990" ind1=" " ind2=" ">
   <subfield code="a">L.310-25186</subfield>
  </datafield>
 </record>
</collection>
